|
|
|
|
| LEADER |
01236nam a2200325 u 4500 |
| 001 |
10040904 |
| 003 |
upatras |
| 005 |
20210117195919.0 |
| 008 |
010831s1969 uk eng |
| 040 |
|
|
|a GR-PaULI
|c GR-PaULI
|
| 041 |
0 |
|
|a eng
|
| 082 |
0 |
4 |
|a 709.031
|
| 100 |
1 |
|
|a Von der Osten, Gert
|9 29733
|
| 245 |
1 |
0 |
|a Painting and sculpture in Germany and the Netherlands
|b 1500 to 1600
|c Gert von der Osten and Horst Vey
|
| 260 |
|
|
|a Harmondsworth
|b Penguin
|c 1969
|
| 300 |
|
|
|a xviii, 403 p.
|b phot.
|c 27 cm.
|
| 490 |
0 |
|
|a The Pelican history of art
|
| 505 |
0 |
|
|a Includes bibliography and index
|
| 650 |
|
4 |
|a Ζωγραφική
|9 5952
|
| 650 |
|
4 |
|a Γλυπτική
|9 6463
|
| 650 |
|
4 |
|a Τέχνη
|z Γερμανία
|9 6378
|
| 650 |
|
4 |
|a Τέχνη
|z Ολλανδία
|9 25541
|
| 650 |
|
4 |
|a Τέχνη
|y 16ος αι.
|9 8156
|
| 700 |
1 |
|
|a Vey, Horst
|9 29734
|
| 760 |
0 |
|
|a The Pelican history of art
|
| 852 |
|
|
|a GR-PaULI
|b ΠΑΤΡΑ
|b ΑΡΧΙΤΕΚΤΟΝΙΚΗ
|k ΑΣΧΞ-2
|h 709.031 V
|m 002075
|p 025000095064
|t 1
|
| 942 |
|
|
|2 ddc
|c BK15
|
| 952 |
|
|
|0 0
|1 0
|4 0
|6 709_031000000000000_V
|7 0
|9 28198
|a ARCH
|b ARCH
|d 2016-04-24
|i 002075
|l 0
|o 709.031 V
|p 025000095064
|r 2016-04-24 00:00:00
|t 1
|w 2016-04-24
|y BK15
|
| 998 |
|
|
|c MANIAKH
|d 2001-08
|
| 999 |
|
|
|c 17914
|d 17914
|